000 00641nam a2200217Ia 4500
003 OSt
005 20250506115519.0
008 220927b |||||||| |||| 00| 0 eng d
020 _a9780415895545
037 _cTextual
040 _aSDCL
_cSDCL
_beng
041 _2eng
_aeng
084 _aR625 Q2
100 _aPhillips, Stephen
_9439842
245 0 _aEpistemology in classical India:
_b The knowledge sources of the Nyaya school.
260 _aNew York:
_b Routledge,
_c2012.
300 _ax,194p.
650 _aPhilosophy
_9391587
942 _cTEXL
_2CC
_n0
999 _c755507
_d755507